00445pab a2200157 454500008004000000100002000040245007500060260000900135300001300144362001100157650002800168650002000196700001700216700002000233773003400253180718b2010 xxu||||| |||| 00| 0 eng d aSaikia, Nandita aHas child mortality in India really increased in the last two decades? c2010 ap.62-70. a18 Dec aChild mortality - India aChild mortality aRam, Faujdar aSingh, Abhishek aEconomic and Political Weekly